| 000 | 00459nam a2200193Ia 4500 | ||
|---|---|---|---|
| 003 | OSt | ||
| 005 | 20220802154829.0 | ||
| 008 | 210210b1938 xxu||||| |||| 00| 0 eng d | ||
| 040 | _cAL | ||
| 041 | _aeng | ||
| 082 | _a386/21 | ||
| 100 |
_aDAVAR (Sohrab R) _954433 |
||
| 245 | _aElements of Indian company law | ||
| 260 |
_aCalcutta _bButterworth & Co. Ltd _c1938 |
||
| 300 | _a660 | ||
| 690 |
_aCompany Law _954434 |
||
| 906 | _a005572 | ||
| 942 |
_2ddc _cBK |
||
| 999 |
_c125732 _d125732 |
||